<?xml version="1.0" encoding="UTF-8"?><?xml-stylesheet type="text/xsl" href="static/style.xsl"?><OAI-PMH xmlns="http://www.openarchives.org/OAI/2.0/" xmlns:xsi="http://www.w3.org/2001/XMLSchema-instance" xsi:schemaLocation="http://www.openarchives.org/OAI/2.0/ http://www.openarchives.org/OAI/2.0/OAI-PMH.xsd"><responseDate>2026-04-13T03:58:08Z</responseDate><request verb="GetRecord" identifier="oai:www.recercat.cat:2099.1/11661" metadataPrefix="marc">https://recercat.cat/oai/request</request><GetRecord><record><header><identifier>oai:recercat.cat:2099.1/11661</identifier><datestamp>2025-07-22T20:26:21Z</datestamp><setSpec>com_2072_1033</setSpec><setSpec>col_2072_452951</setSpec></header><metadata><record xmlns="http://www.loc.gov/MARC21/slim" xmlns:dcterms="http://purl.org/dc/terms/" xmlns:xsi="http://www.w3.org/2001/XMLSchema-instance" xmlns:doc="http://www.lyncode.com/xoai" xsi:schemaLocation="http://www.loc.gov/MARC21/slim http://www.loc.gov/standards/marcxml/schema/MARC21slim.xsd">
   <leader>00925njm 22002777a 4500</leader>
   <datafield ind2=" " ind1=" " tag="042">
      <subfield code="a">dc</subfield>
   </datafield>
   <datafield ind2=" " ind1=" " tag="720">
      <subfield code="a">Rodríguez Mendes, Fernando</subfield>
      <subfield code="e">author</subfield>
   </datafield>
   <datafield ind2=" " ind1=" " tag="260">
      <subfield code="c">2011-02</subfield>
   </datafield>
   <datafield ind2=" " ind1=" " tag="520">
      <subfield code="a">Cada cop més, la societat actual busca viure en un entorn que li sigui agradable i&#xd;
confortable, però sempre minimitzant els costs tant econòmics com a mediambientals&#xd;
associats a aquest confort. Això es reflecteix tant en el treball, com en el temps de lleure.&#xd;
En bona part, els avenços tecnològics dels darrers anys han fet possible obtenir un entorn&#xd;
confortable, fent un ús cada cop més racional de l’energia utilitzada, minimitzant l’impacte&#xd;
mediambiental. Un dels llocs on es fan molts esforços en aquesta direcció és en edificis&#xd;
comercials, que amb l’incorporació de l’automatització de certs processos es denominen&#xd;
“edificis intel·ligents”.&#xd;
Actualment, els mecanismes de control de les variables de l’entorn, inclús els més avançats,&#xd;
estan orientats des de l’edifici cap als individus; es a dir, la temperatura i l’il·luminació d’una&#xd;
habitació estan regulades a partir d’unes configuracions prefixades en horaris i valors, que&#xd;
com a molt poden ser regulats manualment per l’individu, però si l’usuari no és proactiu en&#xd;
aquest sentit, aquest no té incidència sobre aquestes variables.&#xd;
En aquest Project de Final de Carrera (P.F.C.), es proposa canviar l’enfocament d’aquest&#xd;
sistema, fent que sigui direccionat de l’usuari cap a l’edifici; aquest sistema indicarà, no&#xd;
només la presència i posició de l’individu a l’espai, sinó també qui és l’usuari i quina són les&#xd;
seves preferències personals. A partir d’aquest moment l’edifici ha de ser capaç d’optimitzar&#xd;
el confort de l’individu basant-se en les seves preferències personals, tot i optimitzant la&#xd;
despesa energètica.&#xd;
Es proposa doncs el desenvolupament d’un aparell autònom que podrà ser incorporat a&#xd;
l’individu de manera discreta, amb la capacitat de mesurar les variables de l’entorn de&#xd;
l’usuari, i que transmetrà aquesta informació mitjançant una xarxa sense fils (complint amb la&#xd;
normativa vigent en una banda de freqüència oberta).&#xd;
La part receptora del sistema ha de detectar la presència de l’individu, identificar-lo, rebre les&#xd;
dades sobre l’entorn, i localitzar-lo en l’edifici. Amb això, generarà les ordres de control&#xd;
adequades per adaptar l’ambient a les preferències d’aquest individu, optimitzant el seu&#xd;
confort a la vegada que minimitza la despesa energètica global.&#xd;
El desenvolupament d’un mòdul com aquest consta d’una clara definició de concepte,&#xd;
propostes de disseny i funcionalitat, pressupost inicial, proposta de configuració de hardware&#xd;
i software, un anàlisi de viabilitat, construcció de prototips i finalment concepció del producte&#xd;
final. Aquest projecte està direccionat a donar-hi solucions al desenvolupament fins a la fase&#xd;
d’anàlisi de viabilitat.</subfield>
   </datafield>
   <datafield tag="653" ind2=" " ind1=" ">
      <subfield code="a">Àrees temàtiques de la UPC::Edificació::Instal·lacions i acondicionament d'edificis</subfield>
   </datafield>
   <datafield tag="653" ind2=" " ind1=" ">
      <subfield code="a">Àrees temàtiques de la UPC::Enginyeria de la telecomunicació::Telemàtica i xarxes d'ordinadors::Xarxes d'àrea local</subfield>
   </datafield>
   <datafield tag="653" ind2=" " ind1=" ">
      <subfield code="a">Intelligent buildings -- Automation</subfield>
   </datafield>
   <datafield tag="653" ind2=" " ind1=" ">
      <subfield code="a">Identification</subfield>
   </datafield>
   <datafield tag="653" ind2=" " ind1=" ">
      <subfield code="a">Wireless LANs</subfield>
   </datafield>
   <datafield tag="653" ind2=" " ind1=" ">
      <subfield code="a">Edificis intel·ligents –- Automatització</subfield>
   </datafield>
   <datafield tag="653" ind2=" " ind1=" ">
      <subfield code="a">Identificació</subfield>
   </datafield>
   <datafield tag="653" ind2=" " ind1=" ">
      <subfield code="a">Xarxes locals sense fil Wi-Fi</subfield>
   </datafield>
   <datafield ind2="0" ind1="0" tag="245">
      <subfield code="a">Desenvolupament d'un mòdul actiu d'identificació personal sense fils integrat a la gestió automàtica d'edificis intel·ligents</subfield>
   </datafield>
</record></metadata></record></GetRecord></OAI-PMH>